Vista normal
Vista MARC
Entrada Meeting Name
Número de registros utilizados en: 1
001 - CONTROL NUMBER
- control field: 38962
003 - CONTROL NUMBER IDENTIFIER
- control field: OSt
005 - DATE AND TIME OF LATEST TRANSACTION
- control field: 20210802112634.0
008 - FIXED-LENGTH DATA ELEMENTS
- fixed length control field: 210802|| aca||aabn | a|a d
040 ## - CATALOGING SOURCE
- Original cataloging agency: OSt
- Transcribing agency: OSt
111 ## - HEADING--MEETING NAME
- Meeting name or jurisdiction name as entry element: Seminario Interamericano Conmemorativo de los 25 Años del BID
- Date of meeting or treaty signing: (1985 :
- Location of meeting: Rio de Janeiro, Brazil)
670 ## - SOURCE DATA FOUND
- Source citation: Work cat.: (OSt)12091: Seminario Interamericano Conmemorativo de los 25 Años del BID (1985 : Rio de Janeiro, Brazil), Informe del Seminario Interamericano Conmemorativo de los 25 Años del BID /, 1986.